| 000 | 01250cam a2200277 i 4500 | ||
|---|---|---|---|
| 003 | SA-RiAUC | ||
| 005 | 20241118143715.0 | ||
| 008 | 241031q19001999su g b 001 0 ara c | ||
| 040 |
_aEG-CaDAJ _bara _cSA-RiAUC _erda |
||
| 082 | 0 | 4 | _a258.3 |
| 090 |
_a258.3 _bب ي ه |
||
| 100 | 1 |
_aالبيهقي، أحمد بن الحسين بن علي، _d384-458 هجري _eمؤلف. |
|
| 245 | 1 | 0 |
_aرد الانتقاد على ألفاظ الشافعي / _cلأبي بكر أحمد بن الحسين البيهقي ؛ تحقيق بدر الزمان محمد شفيع النيبالي. |
| 264 | 1 |
_aالرياض : _bدار الهديان للنشر والتوزيع، _c[بين 1900 و1999] |
|
| 264 | 3 |
_a[مكان الطبع غير محدد] : _bمطابع المجد التجارية |
|
| 300 | _a189 صفحة | ||
| 336 |
_aنص _btxt _2rdacontent _3كتاب |
||
| 337 |
_aبدون وسيط _bn _2rdamedia |
||
| 338 |
_aمجلد _bnc _2rdacarrier |
||
| 500 | _aيشتمل على كشافات. | ||
| 504 | _aببليوجرافية : صفحة 178-185. | ||
| 650 | 7 |
_aالفقه الشافعي _2aucsh |
|
| 700 | 1 |
_aالنيبالي، بدر الزمان محمد شفيع _eمحقق. |
|
| 942 |
_2ddc _cBOOK _n0 |
||
| 949 |
_aSA-JeALM _d241031 _umohamedma123 _n1 |
||
| 999 |
_c2479 _d2479 |
||